[Event "Madrid Oliver Gonzalez Memorial-B 3rd"]
[Site "Madrid"]
[Date "2012.09.02"]
[Round "2"]
[White "Casado Izquierdo, David"]
[Black "Ruiz Quevedo, Andres"]
[Result "0-1"]
[WhiteElo "1730"]
[BlackElo "1916"]
[PlyCount "98"]
[EventDate "2012.09.01"]
[EventType "swiss"]
[EventRounds "9"]
[EventCountry "ESP"]
[SourceTitle "CBM 150 Extra"]
[Source "ChessBase"]
[SourceDate "2012.10.19"]
[SourceVersion "1"]
[SourceVersionDate "2012.10.19"]
[SourceQuality "1"]

1. e4 c5 2. Nf3 d6 3. d4 cxd4 4. Nxd4 Nf6 5. Nc3 a6 6. f4 e6 7. Be2 Be7 8. Be3 Qc7 9. Nb3 0-0 10. Bf3 Nc6 11. 0-0 Rb8 12. g4 b5 13. g5 Nd7 14. Qe2 Nb6 15. Rad1 b4 16. Nb1 a5 17. c4 a4 18. Nd4 Nxd4 19. Bxd4 Qxc4 20. Qe3 Nd7 21. Rc1 Qb5 22. Rc7 e5 23. Be2 exd4 24. Bxb5 dxe3 25. Bxd7 Bd8 26. Rxc8 Rxc8 27. Bxc8 Bb6 28. Rc1 e2+ 29. Kg2 Be3 30. Re1 Rxc8 31. Kf3 Bxf4 32. Kxf4 Rc2 33. Ke3 Rxb2 34. a3 bxa3 35. Nd2 a2 36. Kxe2 a3 37. Ra1 Kf8 38. Kd3 Ke7 39. Kc3 Ke6 40. h3 f6 41. h4 fxg5 42. hxg5 Kf7 43. Nc4 Rg2 44. Nxd6+ Ke6 45. Nf5 Ke5 46. Kd3 g6 47. Nh4 Rg3+ 48. Kc4 Kxe4 49. Rxa2 Rxg5 0-1

[Event "Tres Cantos op 4th"]
[Site "Tres Cantos"]
[Date "2012.06.23"]
[Round "3"]
[White "Casado Izquierdo, David"]
[Black "Sierra Soria, Maria"]
[Result "1-0"]
[WhiteElo "2115"]
[BlackElo "1768"]
[PlyCount "53"]
[EventDate "2012.06.21"]
[EventType "swiss"]
[EventRounds "9"]
[EventCountry "ESP"]
[SourceTitle "CBM 149 Extra"]
[Source "ChessBase"]
[SourceDate "2012.08.24"]
[SourceVersion "1"]
[SourceVersionDate "2012.08.24"]
[SourceQuality "1"]

1. e4 c5 2. Nf3 Nf6 3. e5 Nd5 4. d4 cxd4 5. Nxd4 Nc6 6. Nxc6 bxc6 7. c4 Nc7 8. Nc3 g6 9. Be2 Bg7 10. f4 Rb8 11. Qc2 Ne6 12. Be3 Qc7 13. Rd1 f6 14. exf6 Bxf6 15. 0-0 Ng7 16. g4 e6 17. c5 0-0 18. b3 Qa5 19. Ne4 Qd8 20. Bc4 Kh8 21. Nd6 Be7 22. Ne4 Qe8 23. Rf3 e5 24. Rdf1 Bd8 25. Nd6 Qe7 26. Rh3 Qf6 27. fxe5 1-0